Normal view MARC view
  • HAYASHI, TAKAO

Entry Personal Name

Number of records used in: 1

001 - CONTROL NUMBER

  • control field: 8875

003 - CONTROL NUMBER IDENTIFIER

  • control field: JRU

005 - DATE AND TIME OF LATEST TRANSACTION

  • control field: 20260227124423.0

008 - FIXED-LENGTH DATA ELEMENTS

  • fixed length control field: 260227|| aca||aabn | a|a d

040 ## - CATALOGING SOURCE

  • Original cataloging agency: JRU
  • Transcribing agency: JRU

100 ## - HEADING--PERSONAL NAME

  • Personal name: HAYASHI, TAKAO

670 ## - SOURCE DATA FOUND

  • Source citation: Work cat.: (JRU)9051: HAYASHI, TAKAO, KUTTAKARASIROMANC OF DEVARAJA : SANSKRIT TEXT WITH ENGLISH TRANSLATION ,NOTE AND APPLENDICES, 2011